Introducción a la filosofía

Guardat en:
Dades bibliogràfiques
Autor principal: Wahl, Jean André (Autor)
Format: Llibre
Idioma:espanyol
Publicat: Ciudad de México Fondo de Cultura Económica 1964
Edició:4a. ed
Col·lecció:Breviarios del Fondo de Cultura Económica, 34
Matèries:
Etiquetes: Afegir etiqueta
Sense etiquetes, Sigues el primer a etiquetar aquest registre!

MARC

LEADER 00000nam a2200000 a 4500
001 UCK1832
003 CL-VaPUC
008 041126e19640000MX |||||||||||||||||spa|d
082 0 4 |a 100  |b WAH  |2 21 
100 0 |a Wahl, Jean André  |e author  |9 489718 
245 1 0 |a Introducción a la filosofía 
250 |a 4a. ed 
300 |a 379 p 
942 |c BK 
945 |d 20041126 00:00:00  |a cmena 
260 |a Ciudad de México  |b Fondo de Cultura Económica  |c 1964 
650 0 |a Filosofía   |9 223554 
650 0 |a Historia de la filosofía  |9 256920 
650 0 |a Escuelas filosóficas   |9 266232 
583 |a last modification  |c 20041126 00:00:00  |k Rodrigo Vera 
490 0 |a Breviarios del Fondo de Cultura Económica, 34 
999 |c 311633  |d 311631 
952 |0 0  |1 0  |4 0  |6 100_000000000000000_WAH_1964  |7 0  |8 P  |9 381150  |a BIBARQ  |b BIBARQ  |d 2019-11-21  |i 4038614  |o 100 WAH 1964  |p 4038614  |r 2025-01-20  |w 2019-11-21  |y BK  |k ARQ